000 00294pam a2200133 a 4500
020 _c
041 _h
082 _a708
_bKUL
100 _aUma Nair .
245 _aPrabhakar Kolte
_hTextual Documents
260 _a[s.l]:
_bVadhera Art Gallery,
_c2007.
300 _a50:
_bHard.
930 _a7080
999 _c240870
_d240870